| 000 | 00582nam a2200169 a 4500 | ||
|---|---|---|---|
| 005 | 20210219151618.0 | ||
| 008 | 991125s1950 ber 000 0 eng u | ||
| 035 | _aUPN01000037653 | ||
| 049 | _aCG | ||
| 050 | 4 |
_aB851 _bM4.5 |
|
| 245 | 0 | 0 |
_aMeaning and interpretation : _blectures delivered before the Philosophical Union of the University of California : 1948-1949 |
| 260 |
_aBerkeley (E.U.A.) : _bUniversity of California, _c1950. |
||
| 300 | _a352 p. | ||
| 440 | 0 |
_aUniversity of California publications in philosophy ; _vv. 25 |
|
| 650 | 4 | _aFILOSOFIA AMERICANA | |
| 905 | _aLibro | ||
| 999 |
_c37653 _d37653 |
||